Electrical machines / (Record no. 149948)

MARC details
000 -LEADER
fixed length control field 00662nam a22002057a 4500
005 - DATE AND TIME OF LATEST TRANSACTION
control field 20210927153910.0
010 ## - LCCN (DPL NO)
LC control number ENG-122273
020 ## - INTERNATIONAL STANDARD BOOK NUMBER
International Standard Book Number 9788193593806
Terms of availability 425.00
035 ## - SYSTEM CONTROL NUMBER
System control number EN-105805
037 ## - SOURCE OF ACQUISITION
Source of stock number/acquisition DBAD/PUB
082 ## - DEWEY DECIMAL CLASSIFICATION NUMBER
Classification number 621.31042
100 ## - MAIN ENTRY--PERSONAL NAME
Personal name Ramamoorty, M.
245 ## - TITLE STATEMENT
Title Electrical machines /
Statement of responsibility, etc by M. Ramamoorty [and] O. Chandra Sekhar
260 ## - PUBLICATION, DISTRIBUTION, ETC. (IMPRINT)
Place of publication, distribution, etc Delhi
Name of publisher, distributor, etc PHI Learning
Date of publication, distribution, etc c2018
270 ## - ADDRESS
Address Rimjhim House ,111, Patparganj industrial estate
City Delhi
Postal code 110092
300 ## - PHYSICAL DESCRIPTION
Extent xiii, 326p.
Dimensions 24cm(pbk)
500 ## - GENERAL NOTE
General note It includes bibliographical references and index
700 ## - ADDED ENTRY--PERSONAL NAME
Personal name Chandra Sekhar, O.
942 ## - ADDED ENTRY ELEMENTS (KOHA)
Source of classification or shelving scheme Dewey Decimal Classification
Item type English Books
Classification part 621.31042
Call number suffix RAM
Holdings
Withdrawn status Lost status Not for loan Collection code Home library Current library Date acquired Source of acquisition Cost, normal purchase price Full call number Barcode Copy number Cost, replacement price Koha item type
    Not For Loan Non-fiction D.B.Act.Division Patel Nagar 15/02/2018 DBAD/PUB 425.00 621.31042 RAM EN-105805 1 425.00 English Books

© Delhi Public Library
Hit Counter
free hit counter